| 000 | 00749nam a2200229 i 4500 | ||
|---|---|---|---|
| 001 | 66994 | ||
| 003 | ES-MaACL | ||
| 005 | 20230906165925.0 | ||
| 007 | t| | ||
| 008 | 040429s2003 xxu ||||1| spa d | ||
| 080 | _a929 Bernal, Calixto (067.5) | ||
| 245 | 0 | 0 |
_aBicentenario de Calixto Berna _b: 2004 / _ccon referencias de Egmont Vachin ... [et al.]. |
| 260 |
_aMiami : _b[s.n., _c2003 ?] ( _fEagle Lith.) |
||
| 300 |
_a221 p. : _bretrat. aut. ; _c23 cm. |
||
| 490 | 1 | _aColección Historia política | |
| 600 | 1 | 4 |
_aBernal, Calixto, _d1804-1886 _928175 |
| 700 | 1 |
_aVachin, Egmont. _9112382 |
|
| 830 | 0 |
_aColección Historia política _9183543 |
|
| 852 |
_aES-MaACL _jL-27473 |
||
| 852 |
_aES-MaACL _jL-27781 |
||
| 999 |
_c66994 _d66994 |
||